所期奉公 : 名古屋・三菱物語

Na minha lista:
Detalhes bibliográficos
Autor principal: 和木康光(わき やすみつ)
Formato: Livro
Idioma:Undetermined
Publicado em: 名古屋 中部経済新聞社 1966
Assuntos:
Tags: Adicionar Tag
Sem tags, seja o primeiro a adicionar uma tag!
Thư viện lưu trữ: Trung tâm Học liệu Trường Đại học Cần Thơ
LEADER 00541nam a2200205Ia 4500
001 CTU_91617
008 210402s9999 xx 000 0 und d
082 |a 338.8 
082 |b W149 
100 |a 和木康光(わき やすみつ) 
245 0 |a 所期奉公 : 
245 0 |b 名古屋・三菱物語 
245 0 |c 和木康光 
260 |a 名古屋 
260 |b 中部経済新聞社 
260 |c 1966 
650 |a Corporations 
650 |z Japan 
904 |i Ngoc 
980 |a Trung tâm Học liệu Trường Đại học Cần Thơ